US First Ladies Quiz - Statistics

General Stats
  • This quiz has been taken 317 times
    93 since last reset
  • The average score is 39 of 55
Answer Stats
Hint Answer % Correct
January 20, 2009 – January 20, 2017 Obama Michelle Obama
98%
January 20, 2017 – January 20, 2021 Trump Melania Trump
95%
January 20, 2025 – Present Trump Melania Trump
95%
January 20, 1993 – January 20, 2001 Clinton Hillary Clinton
93%
January 20, 2021 – January 20, 2025 Biden Jill Biden
91%
August 9, 1974 – January 20, 1977 Ford Betty Ford
90%
March 4, 1933 – April 12, 1945 Roosevelt Anna Eleanor Roosevelt
88%
January 20, 1981 – January 20, 1989 Reagan Nancy Reagan
88%
January 20, 1989 – January 20, 1993 Bush Barbara Bush
86%
January 20, 1977 – January 20, 1981 Carter Eleanor Rosalynn Carter
86%
January 20, 1961 – November 22, 1963 Kennedy Jackie Kennedy
86%
March 4, 1801 – March 4, 1809 Jefferson Martha Jefferson
86%
April 30, 1789 – March 4, 1797 Washington Martha Washington
86%
October 25, 1892 – March 4, 1893 Harrison McKee Mary Harrison McKee
83%
March 4, 1861 – April 15, 1865 Lincoln Mary Lincoln
83%
September 19, 1881 – March 4, 1885 McElroy Mary McElroy
83%
November 22, 1963 – January 20, 1969 Johnson Lady Bird Johnson
81%
January 20, 2001 – January 20, 2009 Bush Laura Bush
81%
April 12, 1945 – January 20, 1953 Truman Bess Truman
79%
March 4, 1797 – March 4, 1801 Adams Abigail Adams
78%
July 9, 1850 – March 4, 1853 Fillmore Abigail Fillmore
78%
March 4, 1809 – March 4, 1817 Madison Dolley Madison
78%
April 15, 1865 – March 4, 1869 Johnson Eliza Johnson
76%
January 20, 1969 – August 9, 1974 Nixon Pat Nixon
76%
March 4, 1817 – March 4, 1825 Monroe Elizabeth Monroe
67%
September 10, 1842 – June 26, 1844 Tyler Elizabeth Priscilla Tyler
67%
January 20, 1953 – January 20, 1961 Eisenhower Mamie Eisenhower
67%
March 4, 1857 – March 4, 1861 Lane Harriet Lane
66%
March 4, 1841 – April 4, 1841 Harrison Anna Harrison
64%
August 2, 1923 – March 4, 1929 Coolidge Grace Coolidge
64%
March 4, 1929 – March 4, 1933 Hoover Lou Hoover
64%
November 26, 1834 – March 4, 1837 Jackson Sarah Jackson
64%
March 4, 1845 – March 4, 1849 Polk Sarah Polk
64%
November 27, 1838 – March 4, 1841 Van Buren Sarah Van Buren
64%
March 4, 1841 – April 4, 1841 Harrison Jane Harrison
62%
March 4, 1853 – March 4, 1857 Pierce Jane Pierce
62%
August 6, 1914 – December 18, 1915 Wilson Margaret Wilson
60%
March 4, 1909 – March 4, 1913 Taft Nellie Taft
60%
March 4, 1849 – July 9, 1850 Taylor Peggy Taylor
60%
March 4, 1869 – March 4, 1877 Grant Julia Grant
59%
June 26, 1844 – March 4, 1845 Tyler Julia Tyler
59%
September 14, 1901 – March 4, 1909 Roosevelt Edith Roosevelt
57%
December 18, 1915 – March 4, 1921 Wilson Edith Wilson
57%
March 4, 1913 – August 6, 1914 Wilson Ellen Wilson
57%
June 2, 1886 – March 4, 1889 Cleveland Frances Cleveland
57%
March 4, 1893 – March 4, 1897 Cleveland Frances Cleveland
57%
March 4, 1877 – March 4, 1881 Hayes Lucy Hayes
57%
March 4, 1825 – March 4, 1829 Adams Louisa Adams
55%
March 4, 1889 – October 25, 1892 Harrison Caroline Harrison
53%
March 4, 1897 – September 14, 1901 McKinley Ida McKinley
53%
March 4, 1829 – November 26, 1834 Donelson Emily Donelson
52%
March 4, 1921 – August 2, 1923 Harding Florence Harding
50%
March 4, 1881 – September 19, 1881 Garfield Lucretia Garfield
48%
April 4, 1841 – September 10, 1842 Tyler Letitia Tyler
43%
March 4, 1885 – June 2, 1886 Cleveland Rose Cleveland
43%
No matching quizzes found
Score Distribution
Percent of People with Each Score
Percentile by Number Answered
Your Score History
You have not taken this quiz since the last reset